00340cam a22001217a 4500008004000000020001800040082001500058100002000073245006500093260003700158300001000195650001300205180718b2011 xxu||||| |||| 00| 0 eng d a9781847427205 aB1241 D735 aDorling, Danial aInjustice: why social inequality persistscby Danial Dorling aBristol, U KbPolicy Pressc2011 a403p. aEquality